10 capitales les plus proches du Luxembourg - Statistiques

Statistiques générales
  • Ce quiz a été pris 274 fois
  • Le résultat moyen est 8 sur 10
Statistiques - réponses
km Capitales % Correct
288 Paris
100%
602 Berlin
98%
317 Amsterdam
97%
188 Bruxelles
97%
309 Berne
93%
492 Londres
88%
595 Prague
72%
661 Monaco
66%
368 Vaduz
63%
737 Ljubljana
43%
Aucun quiz correspondant
Distribution des résultats
% des personnes avec chaque résultat
Percentile par nombre de réponses
Votre historique - résultats
Vous n’avez pas pris ce quiz